000 00733nam a2200241Ia 4500
003 OSt
005 20221007081936.0
006 a|||||r|||| 00| 0
007 ta
008 221006b |||||||| |||| 00| 0 eng d
024 _a26,911
037 _cReports / Technical Reports
040 _aFLL
_cFLL
_beng
041 _2eng
_aeng
082 _aX:5:Z73:5275y7, K5
100 _aOppenheim S. Chestefield
_9698342
245 0 _aUnfair trade practices cases and comments
250 _a2nd
260 _aSt. Paul ,
_bMinn. West Publishing Co. St. Minn.
_c1965
300 _axxix,1-783p
_ccm.
942 _hX:5:Z73:5275y7, K5
_cREP
_2CC
999 _c1164798
_d1164798